LEADER 01406nam0 22003131i 450 001 UON00249846 005 20231205103625.299 100 $a20040218d1937 |0itac50 ba 101 $afre 102 $aFR 105 $a||||0 ||||| 200 1 $aHistoire de la langue française$edes origines a 1900. 9: La Révolution et l'Empire. Pt. 2. Les événements, les institutions et la langue$fFerdinand Brunot 210 $aParis$cLibrairie Armand Colin$d1937 215 $aXXVIII, P. 617-1276$d25 cm 423 1$1001UON00372885$12001 $aˆLa ‰Révolution et l'Empire 423 1$1001UON00372887$12001 $aˆLes ‰événements, les institutions et la langue 606 $aGRAMMATICA STORICA$3UONC042569$2FI 606 $aLingua francese$xStoria$3UONC041840$2FI 606 $aLINGUA FRANCESE GRAMMATICA STORICA$3UONC053588$2FI 620 $aFR$dParis$3UONL002984 676 $a440$cLingue romanze (Lingue neolatine) Francese$v21 700 1$aBRUNOT$bFerdinand$3UONV137382$0290036 712 $aLibrairie Armand Colin$3UONV254209$4650 801 $aIT$bSOL$c20250627$gRICA 899 $aSIBA - SISTEMA BIBLIOTECARIO DI ATENEO$2UONSI 912 $aUON00249846 950 $aSIBA - SISTEMA BIBLIOTECARIO DI ATENEO$dSI S.C I F 01 p $eSI MR 16540 7 01 p 996 $aHistoire de la langue française$9447104 997 $aUNIOR